Death redesigned : (Record no. 19560)

000 -LEADER
fixed length control field 01563cam a22003737a 4500
001 - CONTROL NUMBER
control field 14642008
005 - DATE AND TIME OF LATEST TRANSACTION
control field 20170117091726.0
008 - FIXED-LENGTH DATA ELEMENTS--GENERAL INFORMATION
fixed length control field 061121s2005 enkae b 001 0 eng c
010 ## - LIBRARY OF CONGRESS CONTROL NUMBER
LC control number 2006491668
015 ## - NATIONAL BIBLIOGRAPHY NUMBER
National bibliography number GBA631179
Source bnb
016 7# - NATIONAL BIBLIOGRAPHIC AGENCY CONTROL NUMBER
Record control number 013351990
Source Uk
020 ## - INTERNATIONAL STANDARD BOOK NUMBER
International Standard Book Number 1904965075 (pbk.)
035 ## - SYSTEM CONTROL NUMBER
System control number (OCoLC)ocm64937069
035 ## - SYSTEM CONTROL NUMBER
System control number (OCoLC)64937069
042 ## - AUTHENTICATION CODE
Authentication code pcc
050 00 - LIBRARY OF CONGRESS CALL NUMBER
Classification number NA6117 .G73 2005
100 1# - MAIN ENTRY--PERSONAL NAME
Personal name Grainger, Hilary J.
245 10 - TITLE STATEMENT
Title Death redesigned :
Remainder of title British crematoria, history, architecture and landscape /
Statement of responsibility, etc. Hilary J. Grainger.
246 30 - VARYING FORM OF TITLE
Title proper/short title British crematoria :
Remainder of title history, architecture and landscape
260 ## - PUBLICATION, DISTRIBUTION, ETC. (IMPRINT)
Place of publication, distribution, etc. Reading :
Name of publisher, distributor, etc. Spire Books, in association with the Cremation Society of Great Britain,
Date of publication, distribution, etc. c2005.
300 ## - PHYSICAL DESCRIPTION
Extent 519 p. :
Other physical details ill., plans ;
Dimensions 26 cm.
504 ## - BIBLIOGRAPHY, ETC. NOTE
Bibliography, etc Includes bibliographical references (p. 505-510) and index.
650 #0 - SUBJECT ADDED ENTRY--TOPICAL TERM
Topical term or geographic name as entry element Crematoriums
Geographic subdivision Great Britain
General subdivision History.
650 #0 - SUBJECT ADDED ENTRY--TOPICAL TERM
Topical term or geographic name as entry element Crematoriums
General subdivision Landscape architecture
Geographic subdivision Great Britain.
650 #0 - SUBJECT ADDED ENTRY--TOPICAL TERM
Topical term or geographic name as entry element Cremation
Geographic subdivision Great Britain
General subdivision History.
710 2# - ADDED ENTRY--CORPORATE NAME
Corporate name or jurisdiction name as entry element Cremation Society of Great Britain.
856 41 - ELECTRONIC LOCATION AND ACCESS
Materials specified Table of contents only
Uniform Resource Identifier <a href="http://www.loc.gov/catdir/toc/fy0706/2006491668.html">http://www.loc.gov/catdir/toc/fy0706/2006491668.html</a>
942 ## - ADDED ENTRY ELEMENTS (KOHA)
Source of classification or shelving scheme
Koha item type Hard Covered Materials
Classification part NA6117 .G73 2005
Holdings
Withdrawn status Lost status Source of classification or shelving scheme Damaged status Not for loan Home library Current library Shelving location Date acquired Source of acquisition Total Checkouts Full call number Barcode Date last seen Price effective from Koha item type
          MACHAKOS UNIVERSITY LIBRARY MACHAKOS UNIVERSITY LIBRARY Technical section 17/01/2017 Donation(BFA)   NA6117 .G73 2005 30131 07/08/2018 17/01/2017 Hard Covered Materials
© Machakos University Library, Along The Highway, Machakos Wote Rd, Machakos, Kenya P.O. Box 136 - 90100 Machakos - Kenya

Tel: ( +254 ) 723 805829 OR Fax : 044-20353 OR Email: library@mksu.ac.ke